Les pays contenant entre 0 % et 10 % d'orthodoxes - Statistiques

Statistiques générales
  • Ce quiz a été pris 48 fois
  • Le résultat moyen est 69 sur 132
Statistiques - réponses
Hint Réponse % Correct
1,01 % France
95%
0,18 % Italie
92%
0,01 % Espagne
87%
1,31 % Allemagne
82%
2,76 % Canada
77%
0,01 % Corée du Sud
77%
0,03 % Japon
77%
0,01 % Portugal
77%
1,20 % Suède
77%
0,17 % Turquie
77%
4,33 % Australie
74%
2,02 % Chili
74%
1,16 % Finlande
74%
0,59 % Irak
74%
0,42 % Iran
74%
0,04 % Irlande
74%
0,50 % Belgique
72%
0,05 % Brésil
72%
0,13 % Norvège
72%
2,63 % Pologne
72%
0,00 % Algérie
69%
0,26 % Argentine
69%
0,25 % Afrique du Sud
67%
0,19 % Danemark
67%
2,21 % États-Unis
67%
0,10 % Islande
67%
0,00 % Maroc
67%
0,09 % Mexique
67%
0,00 % Pakistan
67%
0,07 % Pays-Bas
67%
1,43 % Suisse
67%
1,29 % Autriche
64%
0,28 % Inde
64%
0,24 % Arabie Saoudite
62%
0,02 % Colombie
62%
0,00 % Corée du Nord
62%
0,00 % Indonésie
62%
0,51 % Israël
62%
0,77 % Royaume-Uni
62%
2,53 % Syrie
62%
0,22 % Côte d'Ivoire
59%
1,50 % Hongrie
59%
7,61 % Liban
59%
0,19 % Luxembourg
59%
0,00 % Nigeria
59%
0,01 % République du Congo
59%
5,96 % Croatie
56%
0,03 % Mongolie
56%
0,58 % Oman
56%
0,02 % Pérou
56%
0,00 % Sénégal
56%
0,05 % Yémen
56%
0,35 % Cuba
54%
0,00 % Guinée
54%
0,00 % Laos
54%
0,10 % Madagascar
54%
0,01 % Malaisie
54%
0,01 % Népal
54%
0,94 % Slovaquie
54%
2,80 % Slovénie
54%
0,00 % Vatican
54%
0,00 % Afghanistan
51%
2,25 % Azerbaïdjan
51%
0,00 % Bangladesh
51%
1,03 % Libye
51%
0,21 % Nouvelle-Zélande
51%
0,56 % Ouzbékistan
51%
0,04 % Paraguay
51%
0,00 % Saint-Marin
51%
0,74 % Somalie
51%
0,00 % Thaïlande
51%
0,71 % Uruguay
51%
0,10 % Venezuela
51%
0,01 % Équateur
49%
0,02 % Ghana
49%
0,00 % Guatemala
49%
0,10 % Honduras
49%
1,69 % Jordanie
49%
0,00 % Liberia
49%
0,05 % Singapour
49%
9,00 % Kazakhstan
46%
0,36 % Qatar
46%
0,00 % République Centrafricaine
46%
0,21 % Soudan
46%
0,00 % Togo
46%
0,02 % Zimbabwe
46%
0,00 % Birmanie
44%
0,04 % Bolivie
44%
0,00 % Guinée-Bissau
44%
0,00 % Guinée Équatoriale
44%
0,16 % Jamaïque
44%
1,01 % Koweït
44%
0,00 % Lesotho
44%
4,04 % Lituanie
44%
0,01 % Sierra Leone
44%
0,00 % Sri Lanka
44%
0,00 % Taïwan
44%
0,00 % Tchad
44%
0,00 % Angola
41%
0,00 % Costa Rica
41%
0,00 % Gabon
41%
1,68 % Kenya
41%
0,00 % Nicaragua
41%
0,09 % Ouganda
41%
0,02 % Rwanda
41%
1,17 % Turkménistan
41%
0,02 % Burundi
38%
0,71 % Djibouti
38%
0,03 % Tanzanie
38%
0,07 % Zambie
38%
0,00 % Bénin
36%
0,01 % Botswana
36%
0,01 % Cameroun
36%
0,04 % Gambie
36%
1,17 % Guyana
36%
4,77 % Kirghizistan
36%
0,04 % Panama
36%
0,01 % Papouasie-Nouvelle-Guinée
36%
1,14 % Tadjikistan
36%
0,00 % Namibie
33%
0,44 % Bahreïn
31%
0,00 % Salvador
31%
0,00 % Île Maurice
28%
0,00 % Philippines
28%
0,00 % République dominicaine
28%
0,61 % République tchèque
28%
0,03 % Malawi
26%
1,49 % Émirats Arabes Unis
23%
0,70 % Trinité-et-Tobago
13%
0,02 % République démocratique du Congo
10%
0,00 % Vietname
8%
Aucun quiz correspondant
Distribution des résultats
% des personnes avec chaque résultat
Percentile par nombre de réponses
Votre historique - résultats
Vous n’avez pas pris ce quiz